Beyond the gathering storm / by Janette Oke.
Available copies
- 3 of 3 copies available at LARL/NWRL Consortium.
- 2 of 2 copies available at Northwest Regional Library. (Show)
Current holds
0 current holds with 3 total copies.
Show Only Available Copies
| Location | Call Number / Copy Notes | Barcode | Shelving Location | Status | Due Date |
|---|---|---|---|---|---|
| Godel Memorial-Warren Library | OKE (Text) | 35500002892881 | Main | Available | - |
| Hallock Public Library | OKE (Text) | 35500002920690 | Main | Available | - |
| Crookston Public Library | C OKE (Text) | 33500012392197 | Main | Available | - |
Record details
- ISBN: 9780764224010
- ISBN: 0764224018
- ISBN: 076422400X (pbk.)
- ISBN: 1581651570 (pbk.)
- ISBN: 9780764200632 (pbk.)
- ISBN: 0764200631 (pbk.)
- Physical Description: 253 p. ; 22 cm.
- Publisher: Minneapolis, Minn. : Bethany House Publishers, c2000.
Content descriptions
| Summary, etc.: | "A novel of two entwined love stories set in the ... Read More |
Search for related items by subject
| Subject: | Royal Canadian Mounted Police > Fiction. Brothers and sisters > Fiction. Edmonton (Alta.) > Fiction. Police > Canada > Fiction. |
| Genre: | Historical fiction. Christian fiction. |
Search for related items by series
| LDR | 01551cam a2200385Ia 4500 | ||
|---|---|---|---|
| 001 | 30112 | ||
| 003 | LARL_NWRL_CONSORTIUM | ||
| 005 | 20230620193808.0 | ||
| 008 | 000502s2000 mnu 000 1 eng | ||
| 020 | 0 | . | ‡a9780764224010 ‡q(hardback) |
| 020 | . | ‡a0764224018 ‡q(hardback) | |
| 020 | . | ‡a076422400X (pbk.) | |
| 020 | . | ‡a1581651570 (pbk.) | |
| 020 | . | ‡a9780764200632 (pbk.) | |
| 020 | . | ‡a0764200631 (pbk.) | |
| 035 | . | ‡a(OCoLC)44013914 | |
| 082 | 0 | 0. | ‡a813/.54 ‡221 |
| 099 | . | ‡aOke | |
| 100 | 1 | . | ‡aOke, Janette, ‡d1935- ‡0(LARL_NWRL_CONSORTIUM)2752 |
| 245 | 1 | 0. | ‡aBeyond the gathering storm / ‡cby Janette Oke. |
| 260 | . | ‡aMinneapolis, Minn. : ‡bBethany House Publishers, ‡cc2000. | |
| 300 | . | ‡a253 p. ; ‡c22 cm. | |
| 490 | 0 | . | ‡aCanadian West ; ‡v5 |
| 520 | . | ‡a"A novel of two entwined love stories set in the majestic Canadian West. A brother and sister, siblings by more than blood, risk broken hearts"--Provided by publisher. | |
| 610 | 2 | 0. | ‡aRoyal Canadian Mounted Police ‡vFiction. |
| 650 | 0. | ‡aBrothers and sisters ‡vFiction. ‡0(LARL_NWRL_CONSORTIUM)163634 | |
| 651 | 0. | ‡aEdmonton (Alta.) ‡vFiction. | |
| 650 | 0. | ‡aPolice ‡zCanada ‡vFiction. ‡0(LARL_NWRL_CONSORTIUM)174175 | |
| 655 | 7. | ‡aHistorical fiction. ‡2gsafd | |
| 655 | 0. | ‡aChristian fiction. | |
| 901 | . | ‡a30112 ‡bOCLC ‡c30112 ‡tbiblio | |

Add to basket
Permalink
Disable Highlighting